Guess the Broadway musical based on its fake name! - Statistics

General Stats
  • This quiz has been taken 258 times
  • The average score is 9 of 12
Answer Stats
Hint Answer % Correct
Six Ex-Wives Slime Tutorial SIX
93%
Defying Gravity the Slime Tutorial Wicked
93%
The Russian Princess Anastasia Nikolaevna Romanov Slime Tutorial Anastasia
87%
For the Love of God, Stop Bringing Toilet Paper to the Lions Club! Come from Away
82%
Hey, Look! That Plane Comes From Away! Come from Away
82%
Pie flavored slime tutorial Waitress
79%
🪲🧃 Beetle Juice
77%
Abused child with powers slime tutorial Matilda
71%
Striped Blue Slime Tutorial Dear Evan Hansen
69%
1920s Greek Mythology Slime Tutorial Hadestown
66%
Trees are Better than People Dear Evan Hansen
63%
Pink, Green, and Yellow Slime Tutorial Heathers
60%
No matching quizzes found
Score Distribution
Percent of People with Each Score
Percentile by Number Answered
Your Score History
You have not taken this quiz